| 000 | 01462nam0a2200313 4500 | ||
|---|---|---|---|
| 001 | RU\NLR\bibl\34968 | ||
| 005 | 20250615023849.0 | ||
| 010 |
_a5-7310-0979-1 _9490 |
||
| 021 |
_aRU _b99-11287 _9542 |
||
| 035 | _a(NLR Aleph) 000034074 | ||
| 090 |
_a173203 _c173203 |
||
| 100 | _a19990624d1999 |||y0rusy50 ca | ||
| 101 | 0 | _arus | |
| 102 | _aRU | ||
| 105 | _aa ||||||||| | ||
| 200 | 1 |
_aПособие по математике для поступающих в СПбГУЭФ _fВ.С. Итенберг, Е.З. Хотимская _gМ-во общ. и проф. образования Рос. Федерации, С.-Петерб. гос. ун-т экономики и финансов. Каф. высш. математики |
|
| 210 |
_aСПб. _cИзд-во СПбГУЭФ _d1999 |
||
| 215 |
_a196 с. _cил. _d20 |
||
| 606 | 0 |
_aМатематика _xЗадачи _xРешение _92078426 _3RU\NLR\auth\661254281 |
|
| 606 | 0 |
_aМатематика _jУчебные издания для средней школы _xЗадачи _xРешение _92078426 _3RU\NLR\auth\661254281 |
|
| 686 | _aВ10я729-41 | ||
| 700 | 1 |
_aИтенберг _bВ. С. _gВладимир Семенович _4070 |
|
| 701 | 1 |
_aХотимская _bЕ. З. _gЕлена Залмановна _4070 |
|
| 801 | 0 |
_aRU _bNLR _c19990624 _gPSBO |
|
| 801 | 1 |
_aRU _bNLR _c19990624 |
|
| 852 |
_aNLR _j99-3/6048 |
||
| 942 | _cBOOK | ||
| 980 | _aNB | ||